000 00393 a2200169 4500
001 192384
020 _a978-85-366-4453-0
040 _cMagnum
100 _aRibeiro, Mônica
240 1 0 _aPequena história de um grande amor
_lpor
245 1 0 _aPequena história de um grande amor
300 _a89
362 0 _a2016
440 1 _aScortecci
697 _aLITERATURA GERAL
942 _cBK
999 _c192384
_d192384